|
|
|
|
| LEADER |
00000 a2200000 4500 |
| 001 |
RU/ROS-EDU.RU/142725 |
| 856 |
4 |
|
|u https://www.ros-edu.ru/book?id=142725
|z Перейти к просмотру издания
|
| 010 |
|
|
|a 978-5-4497-3599-7
|
| 100 |
|
|
|a 20240101d2024 |||y0rusy0250
|
| 105 |
|
|
|a y z 000zy
|
| 101 |
0 |
|
|a rus
|
| 102 |
|
|
|a RU
|
| 200 |
1 |
|
|a Вчера, сегодня, завтра: актуальные вопросы методики преподавания русского языка как иностранного
|b Электронный ресурс
|e Научно-методический сборник статей
|f О. А. Дмитриева [и др.]
|g ред.: О. А. Дмитриевой, И. Д. Чесноковой, М. А. Медведевой
|
| 701 |
|
1 |
|b О. А.
|a Дмитриева
|4 070
|
| 701 |
|
1 |
|b А. В.
|a Правдикова
|4 070
|
| 701 |
|
1 |
|b М. А.
|a Ефремова
|4 070
|
| 701 |
|
1 |
|b И. А.
|a Королева
|4 070
|
| 701 |
|
1 |
|b М. С.
|a Крапивина
|4 070
|
| 701 |
|
1 |
|b Е. Е.
|a Матюшенко
|4 070
|
| 701 |
|
1 |
|b А. М.
|a Шваба
|4 070
|
| 701 |
|
1 |
|b М. А.
|a Медведева
|4 070
|
| 701 |
|
1 |
|b И. Д.
|a Чеснокова
|4 070
|
| 701 |
|
1 |
|b Е. А.
|a Павлушова
|4 070
|
| 701 |
|
1 |
|b Н. И.
|a Шкабара
|4 070
|
| 701 |
|
1 |
|b Т. М.
|a Терещенко
|4 070
|
| 701 |
|
1 |
|b Л. А.
|a Федотова
|4 070
|
| 702 |
|
1 |
|b О. А.
|a Дмитриевой
|4 340
|
| 702 |
|
1 |
|b И. Д.
|a Чесноковой
|4 340
|
| 702 |
|
1 |
|b М. А.
|a Медведевой
|4 340
|
| 330 |
|
|
|a В научно-методическом сборнике рассматриваются актуальные вопросы методики преподавания русского языка как иностранного. Все представленные статьи отличаются прикладным характером и освещают основные методические аспекты преподавания. Также отражен опыт преподавания русского языка как иностранного в конкретных странах и со студентами конкретных культур и различных уровней владения русским языком. Все включенные в сборник статьи прошли научное рецензирование, ответственность за их содержание несут авторы. Сборник предназначен для научных и педагогических работников, преподавателей, аспирантов, магистрантов и студентов и может быть использован в научной работе и учебной деятельности.
|
| 210 |
|
|
|a Москва
|c Ай Пи Ар Медиа
|d 2024
|
| 610 |
1 |
|
|a русский язык
|
| 610 |
1 |
|
|a русский как иностранный
|
| 610 |
1 |
|
|a РКИ
|
| 610 |
1 |
|
|a преподавание языка
|
| 610 |
1 |
|
|a методический аспект
|
| 610 |
1 |
|
|a методика преподавания
|
| 610 |
1 |
|
|a сборник статей
|
| 675 |
|
|
|a 811.161
|
| 686 |
|
|
|a 81.411
|2 rubbk
|
| 300 |
|
|
|a Книга находится в премиум-версии платформы «Русский как иностранный».
|
| 215 |
|
|
|a 90 с.
|